|
|
|
|
| LEADER |
00000nam0a2200000 4500 |
| 001 |
140173 |
| 005 |
20231031142000.0 |
| 010 |
|
|
|a 3540000518
|
| 035 |
|
|
|a (RuTPU)RU\TPU\book\151844
|
| 090 |
|
|
|a 140173
|
| 100 |
|
|
|a 20080621d2003 k y0engy50 ba
|
| 101 |
0 |
|
|a eng
|
| 102 |
|
|
|a DE
|
| 105 |
|
|
|a a z 001zy
|
| 200 |
1 |
|
|a Adaptive Signal Processing. Applications to Real-World Problems
|f editors J. Benesty, Y. Huang
|
| 210 |
|
|
|a Berlin
|c Springer
|d 2003
|
| 215 |
|
|
|a 356 p.
|c il.
|
| 225 |
1 |
|
|a Signal and Communication Technology
|
| 320 |
|
|
|a Библиография в конце статей
|
| 320 |
|
|
|a Index: p. 353-356.
|
| 610 |
1 |
|
|a сигналы
|
| 610 |
1 |
|
|a электрические сигналы
|
| 610 |
1 |
|
|a радиосигналы
|
| 610 |
1 |
|
|a передача
|
| 610 |
1 |
|
|a адаптация
|
| 610 |
1 |
|
|a обработка
|
| 610 |
1 |
|
|a английский язык
|
| 675 |
|
|
|a 621.391
|v 3
|
| 675 |
|
|
|a 621.372
|v 3
|
| 702 |
|
1 |
|a Benesty
|b J.
|g Jacob
|4 340
|
| 702 |
|
1 |
|a Huang
|b Y.
|g Yiteng
|4 340
|
| 801 |
|
1 |
|a RU
|b 63413507
|c 20080621
|g PSBO
|
| 801 |
|
2 |
|a RU
|b 63413507
|c 20080814
|g PSBO
|
| 942 |
|
|
|c BK
|